Advances in nuclear science and technology / (Record no. 13424)
[ view plain ]
| 000 -LEADER | |
|---|---|
| fixed length control field | 01001nam a2200313 a 4500 |
| 001 - CONTROL NUMBER | |
| control field | 13424 |
| 003 - CONTROL NUMBER IDENTIFIER | |
| rucl marc code | BD-RjUL |
| 005 - DATE AND TIME OF LATEST TRANSACTION | |
| control field | 20211208235443.0 |
| 008 - FIXED-LENGTH DATA ELEMENTS--GENERAL INFORMATION | |
| fixed length control field | 140201t1962 nyuar p 0 1 a0eng d |
| 030 ## - CODEN DESIGNATION | |
| CODEN | ANUTAC |
| 035 ## - SYSTEM CONTROL NUMBER | |
| System control number | (BD-RjUL)13475 |
| 040 ## - CATALOGING SOURCE | |
| Original cataloging agency | MUL |
| Transcribing agency | MUL |
| Modifying agency | SUL |
| -- | HUL |
| -- | COO |
| -- | NSD |
| -- | DLC |
| -- | m.c. |
| -- | SER |
| -- | OCL |
| -- | AIP |
| -- | NSD |
| -- | AIP |
| -- | NST |
| -- | BD-RjUL |
| Language of cataloging | eng |
| 041 ## - LANGUAGE CODE | |
| Language code of text/sound track or separate title | eng |
| 060 #0 - NATIONAL LIBRARY OF MEDICINE CALL NUMBER | |
| Classification number | W1 AD685 |
| 082 00 - DEWEY DECIMAL CLASSIFICATION NUMBER | |
| Classification number | 621.48058 |
| Edition number | 16 |
| Author mark and year | ADV 1962 |
| 245 00 - TITLE STATEMENT | |
| Title | Advances in nuclear science and technology / |
| Statement of responsibility, etc. | edited by J. Henley. |
| 260 ## - PUBLICATION, DISTRIBUTION, ETC. (IMPRINT) | |
| Place of publication, distribution, etc. | New York ; |
| -- | London : |
| Name of publisher, distributor, etc. | Academic Press, |
| Date of publication, distribution, etc. | c1962. |
| 300 ## - PHYSICAL DESCRIPTION | |
| Pagination | V. p. : |
| Illustrations | ill. ; |
| Size | 24 cm. |
| 500 ## - GENERAL NOTE | |
| General note | Editors: 1962-66 E. J. Henley and H. Kouts; 1968- E. J. Henley and others. |
| 504 ## - BIBLIOGRAPHY, ETC. NOTE | |
| Bibliography, etc | Includes index. |
| 505 0# - FORMATTED CONTENTS NOTE | |
| Formatted contents note | V.1 --- V.2 --- |
| 650 #0 - SUBJECT ADDED ENTRY--TOPICAL TERM | |
| Topical term or geographic name as entry element | Nuclear engineering |
| 9 (RLIN) | 41856 |
| Topical term or geographic name as entry element | Nuclear physics |
| 9 (RLIN) | 32626 |
| 700 1# - ADDED ENTRY--PERSONAL NAME | |
| Personal name | Henley, Ernest J. |
| Personal name | Kouts, Herbert, |
| Dates associated with a name | 1919- |
| 942 ## - ADDED ENTRY ELEMENTS (KOHA) | |
| Source of classification or shelving scheme | Dewey Decimal Classification |
| Koha item type | Books |
| Lost status | Source of classification or shelving scheme | Damaged status | Not for loan | Collection code | Permanent Location | Current Location | Shelving location | Date acquired | Source of acquisition | Cost, normal purchase price | Total Checkouts | Full call number | Date last seen | Copy number | Koha item type |
|---|---|---|---|---|---|---|---|---|---|---|---|---|---|---|---|
| Dewey Decimal Classification | Not For Loan | Non-fiction | Central Library, University of Rajshahi | Central Library, University of Rajshahi | Reading Room | 19/12/1963 | Zeitlinger | 96.00 | 621.48058 ADV V-1 1962 | 01/02/2014 | C-1 | Books | |||
| Dewey Decimal Classification | Not For Loan | Non-fiction | Central Library, University of Rajshahi | Central Library, University of Rajshahi | Reading Room | 19/04/1965 | Zeitlinger | 96.00 | 621.48058 ADV V-2 1962 | 30/05/2017 | C-1 | Books |